Mỹ thuật thời Trần
Gardado en:
| Autor Principal: | |
|---|---|
| Formato: | Libro |
| Idioma: | Undetermined |
| Publicado: |
Hà Nội
Văn hóa
1977
|
| Những chủ đề: | |
| Các nhãn: |
Engadir etiqueta
Sen Etiquetas, Sexa o primeiro en etiquetar este rexistro!
|
| Thư viện lưu trữ: | Trung tâm Học liệu Trường Đại học Cần Thơ |
|---|
| LEADER | 00457nam a2200169Ia 4500 | ||
|---|---|---|---|
| 001 | CTU_9473 | ||
| 008 | 210402s9999 xx 000 0 und d | ||
| 082 | |a 709.597 | ||
| 082 | |b B450 | ||
| 100 | |a Bộ Văn hóa | ||
| 245 | 0 | |a Mỹ thuật thời Trần | |
| 245 | 0 | |c Bộ Văn hóa | |
| 260 | |a Hà Nội | ||
| 260 | |b Văn hóa | ||
| 260 | |c 1977 | ||
| 650 | |a art, vietnamese | ||
| 980 | |a Trung tâm Học liệu Trường Đại học Cần Thơ | ||